| 000 | 00000nam 2200000zi 4500 |
| 001 | 9.939822 |
| 003 | CaOODSP |
| 005 | 20240625151238 |
| 006 | m o d f |
| 007 | cr mn||||||||| |
| 008 | 240625t20242024onc ob f000 0 fre d |
| 040 | |aCaOODSP|bfre|erda|cCaOODSP |
| 043 | |an-cn--- |
| 086 | 1 |aH113-28/2024-6F-PDF |
| 245 | 00|aSouche K84 d'Agrobacterium radiobacter et préparation commerciale connexe : |bdécision finale. |
| 264 | 1|aOttawa (Ontario) : |bAgence de réglementation de la lutte antiparasitaire, Santé Canada, |c2024. |
| 264 | 4|c©2024 |
| 300 | |a1 ressource en ligne (8 pages). |
| 336 | |atexte|btxt|2rdacontent/fre |
| 337 | |ainformatique|bc|2rdamedia/fre |
| 338 | |aressource en ligne|bcr|2rdacarrier/fre |
| 490 | 1 |aDécision de réévaluation, |x1925-1009 ; |vRVD2024-06 |
| 500 | |a« Le 24 juin 2024. » |
| 500 | |aTitre de la couverture. |
| 500 | |aLe résumé est publié aussi en format HTML. |
| 500 | |aPublié aussi en anglais sous le titre : Agrobacterium radiobacter Strain K84 and its associated end-use product : final decision. |
| 504 | |aComprend des références bibliographiques. |
| 520 | |a« Le présent document décrit la décision finale de réévaluation concernant la souche K84 d'Agrobacterium radiobacter, les réponses aux commentaires reçus et les modifications à apporter aux étiquettes. Il vise tous les produits contentant cette souche qui sont réglementés au Canada en vertu de la Loi sur les produits antiparasitaires » -- Page 1. |
| 650 | 6|aBactéricides|xCertification|zCanada. |
| 650 | 6|aBactéricides|xToxicologie. |
| 650 | 6|aBactéricides|xAspect de l'environnement. |
| 710 | 1 |aCanada. |bAgence de réglementation de la lutte antiparasitaire, |eorganisme de publication. |
| 775 | 08|tAgrobacterium radiobacter Strain K84 and its associated end-use product : |w(CaOODSP)9.939819 |
| 830 | #0|aDécision de réévaluation (Canada. Agence de réglementation de la lutte antiparasitaire)|x1925-1009 ; |vRVD2024-06.|w(CaOODSP)9.501609 |
| 856 | 40|qPDF|s369 Ko|uhttps://publications.gc.ca/collections/collection_2024/sc-hc/h113-28/H113-28-2024-6-fra.pdf |
| 856 | 4 |qHTML|sS.O.|uhttps://www.canada.ca/fr/sante-canada/services/securite-produits-consommation/rapports-publications/pesticides-lutte-antiparasitaire/decisions-mises-jour/decision-reevaluation/2024/souche-k84-agrobacterium-radiobacter.html |